| 000 | 01544nam a2200313 a 4500 | ||
|---|---|---|---|
| 003 | BLK | ||
| 005 | 20240425122252.0 | ||
| 008 | 220324b bu |||||r|||| 00| | bu d | ||
| 040 | _aBLK | ||
| 041 |
_aBUL _cBUL |
||
| 080 |
_aБългарска литература(изследвания) _b821.163.2.09 _z821.163.2.09(092) |
||
| 080 |
_b929 Памуков, Стефан _z929 Памуков, Стефан |
||
| 100 |
_9260726 _aСпасов, Иван Миладинов _eпърви автор |
||
| 139 |
_aСпасов, Иван Миладинов _bП 16 |
||
| 245 |
_aЛюбовта в книгите на Стефан Памуков _cИван Спасов; [под ред. на Георги Райчевски] |
||
| 257 | _aBGR | ||
| 260 |
_9209984 _aПловдив _bSM _c1999 _n978-954-92290- |
||
| 300 |
_a96 с. _c20 см |
||
| 380 | _a82 | ||
| 500 | _aЗагл. на гърба на кн.: Любовта Загл. на англ. ез.: Love in Stephan Pamukov's books Името на ред. отбелязано на гърба на загл. с. | ||
| 600 | 1 | 4 |
_9105867 _aПамуков, Стефан |
| 650 | 0 |
_9267787 _aЛитературоведи, български |
|
| 650 | 0 |
_9291475 _aЛюбов - в литературата |
|
| 650 | 0 |
_9242409 _aБългарска литература - теми, образи, сюжети |
|
| 700 | 1 |
_9114906 _aРайчевски, Георги Ангелов |
|
| 942 |
_cKNG _n0 _s1 |
||
| 944 |
_cНора Радева _k30545 _lНора Радева |
||
| 999 |
_c509129 _d509129 |
||
| 999 | _d509129 | ||